[Event "22nd Abu Dhabi Masters"]
[Site "Abu Dhabi UAE"]
[Date "2015.08.25"]
[Round "4.32"]
[White "Sagar,S"]
[Black "Asadli,Vugar"]
[Result "0-1"]
[WhiteTitle "IM"]
[BlackTitle "CM"]
[WhiteElo "2456"]
[BlackElo "2324"]
[WhiteFideId "5022509"]
[BlackFideId "13405764"]
[EventDate "2015.08.23"]

1. d4 g6 2. c4 Bg7 3. Nc3 d6 4. e4 Nc6 5. Be3 e5 6. d5 Nce7 7. c5 f5 8. Bb5+ Kf7
9. cxd6 cxd6 10. Nf3 h6 11. exf5 gxf5 12. O-O Nf6 13. Rc1 Rf8 14. Qb3 Ng6 15.
Be2 Kg8 16. Nb5 Rf7 17. Nxa7 Bd7 18. Bb6 Qe7 19. Bb5 Nf4 20. Rfd1 e4 21. Ne1
Bxb5 22. Qxb5 Ng4 23. h3 Ne5 24. Be3 Nfg6 25. Rc8+ Rxc8 26. Nxc8 Qf6 27. Qb4 Bf8
28. Nb6 f4 29. Bd4 f3 30. g3 Qf5 31. Be3 h5 32. Kh2 h4 33. g4 Nxg4+ 34. hxg4
Qxg4 35. Qc4 Ne5 36. Qf1 Rg7 37. Nc2 h3 38. b3 Qg2+ 39. Qxg2 hxg2 40. Nc4 Rh7+
41. Kg3 Rh1 0-1

[Event "22nd Abu Dhabi Masters"]
[Site "Abu Dhabi UAE"]
[Date "2015.08.25"]
[Round "4.33"]
[White "Sindarov,Javokhir"]
[Black "Padmini,R"]
[Result "1/2-1/2"]
[WhiteTitle "CM"]
[BlackTitle "IM"]
[WhiteElo "2198"]
[BlackElo "2444"]
[WhiteFideId "14205483"]
[BlackFideId "5029295"]
[EventDate "2015.08.23"]

1. e4 c5 2. Nc3 d6 3. f4 Nc6 4. Nf3 g6 5. Bc4 Bg7 6. O-O Nf6 7. d3 O-O 8. h3 Nd4
9. a4 Be6 10. Bxe6 Nxe6 11. Be3 Nd7 12. Qe1 Nb8 13. Nd5 Nd4 14. Qh4 Nbc6 15.
Bxd4 cxd4 16. f5 Qd7 17. b4 Rae8 18. Rab1 e6 19. f6 exd5 20. fxg7 Kxg7 21. exd5
Ne5 22. Nxd4 Qe7 23. Qf4 Rc8 24. Rbe1 Rfe8 25. Qg3 Kh8 26. c4 Qd7 27. a5 Qa4 28.
Rb1 a6 29. Qf2 Kg8 30. Qd2 Qd7 31. Rf6 Qc7 32. Rbf1 b6 33. axb6 Qxb6 34. c5 Qa7
35. Rxd6 Rxc5 36. bxc5 Qxc5 37. Rxa6 Qxd4+ 38. Qf2 Qxd5 39. d4 Nd3 40. Qf6 Re2
41. Qf3 Qxd4+ 42. Kh2 Re7 43. Ra5 Rd7 44. Qc6 Kg7 45. Rb5 h5 46. Qb6 1/2-1/2

[Event "22nd Abu Dhabi Masters"]
[Site "Abu Dhabi UAE"]
[Date "2015.08.25"]
[Round "4.34"]
[White "Voiteanu,G"]
[Black "Vignesh,N R"]
[Result "0-1"]
[WhiteTitle "FM"]
[WhiteElo "2182"]
[BlackElo "2430"]
[WhiteFideId "1208810"]
[BlackFideId "25012215"]
[EventDate "2015.08.23"]

1. d4 Nf6 2. c4 e6 3. Nf3 Bb4+ 4. Bd2 c5 5. Bxb4 cxb4 6. g3 O-O 7. Bg2 d6 8. O-O
a5 9. a3 Na6 10. Re1 Qc7 11. b3 Bd7 12. e4 e5 13. a4 Bg4 14. Nbd2 Rfe8 15. h3
Bh5 16. Qc2 Qb6 17. c5 dxc5 18. Nc4 Qc7 19. dxe5 Nd7 20. g4 Bg6 21. Rad1 Rad8
22. Rd2 Nab8 23. Red1 Nc6 24. Nd6 Re7 25. Nb5 Qb8 26. Rd5 h6 27. Qd3 Rf8 28. e6
Nf6 29. exf7+ Rexf7 30. Nh4 Nxd5 31. Nxg6 Nf4 32. Nxf4 Qxf4 33. Nd6 Rf6 34. Qc4+
Kh8 35. Qxc5 Qxf2+ 36. Qxf2 Rxf2 37. Nf5 Rb2 38. Rd7 Rxb3 39. Nxg7 Ne5 40. Rxb7
Rf7 41. Rb5 Rb1+ 42. Kh2 Kxg7 43. Rxe5 b3 44. Rxa5 b2 45. Rb5 Rf2 46. Kg3 Rd2
47. e5 Rg1 0-1

[Event "22nd Abu Dhabi Masters"]
[Site "Abu Dhabi UAE"]
[Date "2015.08.25"]
[Round "4.35"]
[White "Raetsky,A"]
[Black "Muradli,Mahammad"]
[Result "1/2-1/2"]
[WhiteTitle "GM"]
[BlackTitle "CM"]
[WhiteElo "2402"]
[BlackElo "2027"]
[WhiteFideId "4103203"]
[BlackFideId "13409301"]
[EventDate "2015.08.23"]

1. e4 c5 2. Nf3 d6 3. d4 cxd4 4. Qxd4 a6 5. c4 Nc6 6. Qe3 Bg4 7. Be2 Bxf3 8.
Bxf3 g6 9. Bd2 Bh6 10. Qc3 Bxd2+ 11. Nxd2 Nf6 12. O-O O-O 13. Rfd1 Qb6 14. Nb3
Nd7 15. Nd4 Nce5 16. b3 Qc5 17. a4 Rfc8 18. a5 Nf6 19. Re1 Rab8 20. h3 Nfd7 21.
Bd1 Nc6 22. Nc2 b5 23. axb6 Rxb6 24. Ne3 e6 25. Nf1 Rcb8 26. Nd2 a5 27. Kf1 Rb4
28. Kg1 Nb6 29. Ra2 Ra8 30. h4 a4 31. bxa4 Nxc4 32. h5 Nb6 33. Qa1 Qd4 34. Qxd4
Rxd4 35. Re3 Nb4 36. Rb2 Nxa4 37. Bxa4 Rxa4 38. Nf3 Rd1+ 39. Kh2 Kg7 40. hxg6
hxg6 41. Kg3 Rc1 42. Rd2 Rc6 43. Nd4 Rb6 44. Rb3 Rba6 1/2-1/2

[Event "22nd Abu Dhabi Masters"]
[Site "Abu Dhabi UAE"]
[Date "2015.08.25"]
[Round "4.36"]
[White "Siva,Mahadevan"]
[Black "Namer,N"]
[Result "1-0"]
[BlackTitle "CM"]
[WhiteElo "2401"]
[BlackElo "2158"]
[WhiteFideId "25043153"]
[BlackFideId "4801890"]
[EventDate "2015.08.23"]

1. e4 c5 2. Nf3 Nc6 3. d4 cxd4 4. Nxd4 g6 5. c4 Bg7 6. Be3 Nf6 7. Nc3 Ng4 8.
Qxg4 Nxd4 9. Qd1 Ne6 10. Rc1 Qa5 11. Qd2 b6 12. Bd3 Bb7 13. O-O Rc8 14. a3 d6
15. f4 Nd4 16. Qd1 O-O 17. Kh1 f5 18. b4 Qxa3 19. Bxd4 Bxd4 20. Nb5 Qxb4 21.
Nxd4 fxe4 22. Be2 Rf6 23. Rb1 Qc5 24. Rb5 Qa3 25. Nc2 Qc3 26. Nb4 Kg7 27. Nd5
Bxd5 28. Rxd5 Rc5 29. Rd4 Qe3 30. g3 g5 31. fxg5 Rxf1+ 32. Bxf1 Rxg5 33. Bg2 Re5
34. Rd2 a5 35. Re2 Qd3 36. Qxd3 exd3 37. Rxe5 dxe5 38. Be4 d2 39. Bc2 e4 40. Kg2
Kf6 41. Kf2 Ke5 42. Ke3 h6 43. g4 Kd6 44. Kxd2 Kc5 45. Kc3 e3 46. h4 e2 47. Kd2
Kxc4 48. g5 hxg5 49. h5 g4 50. h6 g3 51. Kxe2 Kc3 52. Ba4 Kb4 53. Be8 1-0

[Event "22nd Abu Dhabi Masters"]
[Site "Abu Dhabi UAE"]
[Date "2015.08.25"]
[Round "4.37"]
[White "Yashas,D"]
[Black "Bulmaga,I"]
[Result "1/2-1/2"]
[BlackTitle "IM"]
[WhiteElo "2135"]
[BlackElo "2393"]
[WhiteFideId "5030196"]
[BlackFideId "13903063"]
[EventDate "2015.08.23"]

1. e4 e5 2. Nf3 Nc6 3. Bb5 a6 4. Ba4 Nf6 5. Qe2 b5 6. Bb3 Bc5 7. O-O O-O 8. c3
d5 9. d3 d4 10. Bg5 h6 11. Bxf6 Qxf6 12. Bd5 dxc3 13. bxc3 Bd7 14. Nbd2 Rad8 15.
Bxc6 Bxc6 16. Rfe1 Rfe8 17. Nb3 Bb6 18. Rad1 a5 19. h3 a4 20. Nc1 Bc5 21. Qc2
Bb7 22. Ne2 Qb6 23. Ng3 Bf8 24. Nf5 g6 25. Ne3 Qa5 26. Rb1 Bg7 27. Red1 c5 28.
c4 b4 29. Nd5 Bc6 30. Nd2 Qa7 31. Rf1 Rd6 32. Kh1 Qb8 33. f3 Rdd8 34. g4 Qd6 35.
Rg1 Bf6 36. Nf1 Bg5 37. Qf2 Bxd5 38. cxd5 Qf6 39. Ne3 Kg7 40. Ng2 Rh8 41. Ne3 h5
42. Kg2 Qf4 43. Nf1 hxg4 44. hxg4 Be7 45. Qg3 Qg5 46. Rh1 Bd6 47. Rxh8 Rxh8 48.
Kf2 Rh1 49. Kg2 Qh6 50. Rd1 c4 51. g5 Qh5 52. dxc4 b3 53. axb3 a3 54. b4 Bxb4
55. d6 Kh7 56. d7 Bc5 57. Ne3 Rxd1 58. Nxd1 a2 59. Qxe5 Bb6 60. Qf6 a1=Q 61.
Qxa1 Qxg5+ 62. Kf1 Qg1+ 63. Ke2 Qg2+ 64. Ke1 Bd8 65. Qd4 Qxf3 66. Nf2 g5 67. e5
Kh6 68. e6 f6 69. c5 Qb3 70. Qd6 Kg7 71. Kf1 Qe3 72. Qb8 Qc1+ 73. Kg2 Qxc5 74.
Qxd8 Qc6+ 75. Kf1 Qc1+ 76. Ke2 Qc2+ 77. Ke3 Qc5+ 78. Kf3 g4+ 79. Nxg4 Qd5+ 80.
Kg3 Qd3+ 81. Kg2 Qe4+ 82. Kf2 Qf4+ 83. Ke1 Qe4+ 84. Kd2 Qd4+ 85. Kc2 Qc4+ 86.
Kd2 Qd4+ 87. Kc2 1/2-1/2

[Event "22nd Abu Dhabi Masters"]
[Site "Abu Dhabi UAE"]
[Date "2015.08.25"]
[Round "4.38"]
[White "Kulkarni,R"]
[Black "Sultan,I"]
[Result "1-0"]
[BlackTitle "FM"]
[WhiteElo "2368"]
[BlackElo "1983"]
[WhiteFideId "5037077"]
[BlackFideId "9301143"]
[EventDate "2015.08.23"]

1. e4 e6 2. d4 d5 3. exd5 exd5 4. c4 Nf6 5. Nc3 Nc6 6. Nf3 dxc4 7. Bxc4 Bd6 8.
O-O O-O 9. h3 h6 10. Be3 Bf5 11. Nh4 Bh7 12. Qf3 Nxd4 13. Bxd4 Bh2+ 14. Kxh2
Qxd4 15. Bxf7+ Rxf7 16. Qxb7 Raf8 17. Nf3 Qd6+ 18. Kg1 c5 19. Qb3 Rb8 20. Qc4
Rxb2 21. Rad1 Qc7 22. Nb5 Rc2 23. Nxc7 Rxc4 24. Ne5 Rc2 25. Nxf7 Kxf7 26. Rc1
Rxa2 27. Rxc5 a5 28. Rcc1 a4 29. Ra1 Rxa1 30. Rxa1 Bc2 31. Nb5 Ne4 32. f3 Nf6
33. Nd4 Bd3 34. Rxa4 h5 35. Ra7+ 1-0

[Event "22nd Abu Dhabi Masters"]
[Site "Abu Dhabi UAE"]
[Date "2015.08.25"]
[Round "4.39"]
[White "Senthil,Maran K"]
[Black "Ezat,M"]
[Result "0-1"]
[BlackTitle "IM"]
[WhiteElo "2201"]
[BlackElo "2476"]
[WhiteFideId "25035681"]
[BlackFideId "10600906"]
[EventDate "2015.08.23"]

1. d4 Nf6 2. g3 g6 3. Bg2 Bg7 4. c4 O-O 5. Nc3 d6 6. Nf3 Nc6 7. O-O a6 8. h3 Bd7
9. Kh2 Na5 10. Nd2 c5 11. dxc5 dxc5 12. Nde4 Nxe4 13. Nxe4 Rc8 14. Qc2 Be6 15.
Ng5 Bf5 16. Be4 Bxe4 17. Nxe4 Qd4 18. Nd2 h5 19. h4 Qg4 20. Re1 Rfd8 21. Rb1 f5
22. e3 Be5 23. Kg2 g5 24. Nf3 Nc6 25. hxg5 h4 26. Nxh4 e6 27. f4 Nb4 28. Qe2 Nd3
29. Nf3 Nxe1+ 30. Qxe1 Bg7 31. Bd2 e5 32. Bc3 e4 33. Nh2 Qh5 34. Bxg7 Kxg7 35.
Qc3+ Kg8 36. Rf1 Rc7 37. Rf2 Rh7 0-1

[Event "22nd Abu Dhabi Masters"]
[Site "Abu Dhabi UAE"]
[Date "2015.08.25"]
[Round "4.40"]
[White "Czebe,A"]
[Black "Derakhshani,D"]
[Result "1/2-1/2"]
[WhiteTitle "GM"]
[BlackTitle "WIM"]
[WhiteElo "2439"]
[BlackElo "2192"]
[WhiteFideId "705268"]
[BlackFideId "12500330"]
[EventDate "2015.08.23"]

1. c4 Nf6 2. Nc3 e6 3. e4 d5 4. e5 d4 5. exf6 dxc3 6. bxc3 Qxf6 7. Nf3 b6 8. d4
Bb7 9. Bd3 Bd6 10. Ng5 Nd7 11. Qh5 g6 12. Qh3 Nc5 13. dxc5 Qxc3+ 14. Ke2 Qxa1
15. cxd6 Qe5+ 16. Qe3 Qxe3+ 17. Kxe3 cxd6 18. Ba3 h6 19. Ne4 Bxe4 20. Bxe4 O-O-O
21. Bb2 Rhg8 22. Bf6 Rd7 23. Rd1 Rc7 24. Rxd6 Rxc4 25. Rd3 Rc5 26. f4 g5 27.
fxg5 hxg5 28. g4 Re8 29. Ra3 Kb8 30. Rd3 Kc7 31. Ra3 Kb8 32. Bd4 f5 33. Bxc5
bxc5 34. Bg2 fxg4 35. Kf2 Rf8+ 36. Kg3 Rf4 37. Ra6 Rd4 38. Rxe6 Rd3+ 39. Kxg4
Rd2 40. Bf3 Rxh2 41. Re2 Rxe2 42. Bxe2 Kc7 43. Kxg5 Kb6 44. Kf4 Ka5 45. Ke3 Kb4
46. Kd2 c4 47. Kc2 c3 48. Ba6 Ka5 49. Bc8 Kb4 50. Bd7 Ka3 51. Be6 Kb4 1/2-1/2

[Event "22nd Abu Dhabi Masters"]
[Site "Abu Dhabi UAE"]
[Date "2015.08.25"]
[Round "4.41"]
[White "Mona,K"]
[Black "Nezad,H"]
[Result "0-1"]
[WhiteTitle "WGM"]
[BlackTitle "IM"]
[WhiteElo "2184"]
[BlackElo "2404"]
[WhiteFideId "10605908"]
[BlackFideId "12100293"]
[EventDate "2015.08.23"]

1. d4 d5 2. Nf3 c6 3. e3 Nf6 4. Bd3 Bg4 5. c4 e6 6. Qb3 Qb6 7. Ne5 Bh5 8. c5 Qc7
9. Nd2 Nbd7 10. Nxd7 Nxd7 11. Qc2 e5 12. b4 e4 13. Bf1 Be7 14. a4 O-O 15. b5 f5
16. Nb1 Bf6 17. Nc3 f4 18. a5 Kh8 19. Ra4 Rae8 20. a6 Rd8 21. axb7 fxe3 22. Bxe3
Nxc5 23. Rxa7 Ne6 24. Qa4 c5 25. Nxd5 Rxd5 26. Bc4 Rdd8 27. Bxe6 cxd4 28. O-O
dxe3 29. fxe3 Qb6 30. Bc8 Qxe3+ 31. Kh1 Bd4 0-1

[Event "22nd Abu Dhabi Masters"]
[Site "Abu Dhabi UAE"]
[Date "2015.08.25"]
[Round "4.42"]
[White "Gevorgyan,D"]
[Black "Mokal,Amruta Sunil"]
[Result "1-0"]
[WhiteTitle "IM"]
[WhiteElo "2374"]
[BlackElo "2123"]
[WhiteFideId "13303244"]
[BlackFideId "5016371"]
[EventDate "2015.08.23"]

1. d4 Nf6 2. c4 e6 3. g3 Bb4+ 4. Bd2 Qe7 5. Bg2 Nc6 6. Nf3 Bxd2+ 7. Nbxd2 d5 8.
O-O O-O 9. Rc1 Rd8 10. e3 e5 11. Nxe5 Nxe5 12. dxe5 Qxe5 13. cxd5 Qxb2 14. Rxc7
Bg4 15. Qc1 Qxc1 16. Rfxc1 Nxd5 17. Rxb7 Be6 18. Nb3 a5 19. Nd4 Rac8 20. Ra1 Nb4
21. Nxe6 fxe6 22. Bh3 Rc6 23. Ra7 Rd2 24. a3 Nd3 25. Rb1 h5 26. Rxa5 Nxf2 27.
Bf1 Ng4 28. Rxh5 Nxe3 29. Bh3 Kf7 30. Re1 Nc2 31. Rf1+ Kg6 32. Ra5 Nd4 33. Bg2
Ne2+ 34. Kh1 Rb6 35. Be4+ Kh6 36. g4 Nf4 37. Rxf4 Rd4 38. Rh5# 1-0

[Event "22nd Abu Dhabi Masters"]
[Site "Abu Dhabi UAE"]
[Date "2015.08.25"]
[Round "4.43"]
[White "Soumya,Sw"]
[Black "Haussernot,C"]
[Result "1-0"]
[WhiteTitle "WGM"]
[BlackTitle "WFM"]
[WhiteElo "2325"]
[BlackElo "2087"]
[WhiteFideId "5016193"]
[BlackFideId "601632"]
[EventDate "2015.08.23"]

1. e4 c5 2. Nf3 d6 3. d4 cxd4 4. Nxd4 Nf6 5. Nc3 a6 6. Bg5 Nbd7 7. Qe2 Qc7 8.
O-O-O h6 9. Bh4 e6 10. f4 Be7 11. Nf3 e5 12. fxe5 dxe5 13. Nd5 Nxd5 14. exd5 Bd6
15. g4 b5 16. g5 hxg5 17. Bxg5 f6 18. Be3 Nc5 19. h4 Bg4 20. Bh3 Bxh3 21. Rxh3
O-O 22. Rg1 e4 23. Nd4 Rf7 24. Nf5 Nd3+ 25. Kb1 Nf4 26. Bxf4 Bxf4 27. d6 Qc5 28.
Qg4 Kf8 29. Rd1 Be5 30. Qxe4 Re8 31. Qg4 Rc8 32. c3 Rd7 33. Ne7 Rcd8 34. Qe6
Rxd6 35. Ng6# 1-0

[Event "22nd Abu Dhabi Masters"]
[Site "Abu Dhabi UAE"]
[Date "2015.08.25"]
[Round "4.44"]
[White "Severina,M"]
[Black "Ayyad,M"]
[Result "1-0"]
[WhiteTitle "WIM"]
[BlackTitle "FM"]
[WhiteElo "2276"]
[BlackElo "2122"]
[WhiteFideId "4116909"]
[BlackFideId "11200235"]
[EventDate "2015.08.23"]

1. d4 d5 2. c4 e6 3. Nc3 Nf6 4. Nf3 c6 5. e3 Nbd7 6. Bd3 Bd6 7. e4 dxe4 8. Nxe4
Nxe4 9. Bxe4 Bb4+ 10. Bd2 Bxd2+ 11. Qxd2 Qc7 12. O-O O-O 13. Rfe1 Nf6 14. c5 Rd8
15. Qc2 b6 16. cxb6 Qxb6 17. Bxc6 Rb8 18. b3 Ba6 19. Rac1 Rbc8 20. Qc5 Qb8 21.
Ne5 Rc7 22. Qa5 Qb6 23. Qxb6 axb6 24. Bf3 Rdc8 25. Rc6 Rxc6 26. Nxc6 Kf8 27. a4
Bb7 28. Na7 Ra8 29. Bxb7 Rxa7 30. Bc6 Rc7 31. Rc1 Ne4 32. Rc2 Nd6 33. g4 h5 34.
h3 hxg4 35. hxg4 Ke7 36. f3 Nb7 37. Be4 Rxc2 38. Bxc2 Na5 39. Kf2 Nc6 40. Ke3
Kd6 41. Be4 Na5 42. b4 Nc4+ 43. Kd3 Nb2+ 44. Kc2 Nc4 45. Kc3 Ne3 46. Kd3 Nd5 47.
Bxd5 exd5 48. g5 1-0

[Event "22nd Abu Dhabi Masters"]
[Site "Abu Dhabi UAE"]
[Date "2015.08.25"]
[Round "4.45"]
[White "Fendereski,Nima"]
[Black "Galindo,Joseph"]
[Result "1-0"]
[WhiteElo "2268"]
[BlackElo "2064"]
[WhiteFideId "12533807"]
[BlackFideId "5208254"]
[EventDate "2015.08.23"]

1. e4 c5 2. Nf3 e6 3. d4 cxd4 4. Nxd4 a6 5. Bd3 Qc7 6. Qe2 d6 7. c4 Nd7 8. O-O
Ne5 9. Nc3 Be7 10. Nf3 Nxd3 11. Qxd3 Nf6 12. Rd1 h6 13. h3 O-O 14. Be3 Bd7 15.
Rac1 Rac8 16. b3 Rfd8 17. Nd4 Qa5 18. f4 Be8 19. f5 e5 20. Nf3 b5 21. Nd2 Bc6
22. Rc2 b4 23. Nd5 Bxd5 24. exd5 Rd7 25. Ne4 Nxe4 26. Qxe4 Qd8 27. Rf1 Bg5 28.
Bxg5 Qxg5 29. f6 Qg6 30. Rf5 Kh7 31. h4 Kg8 32. fxg7 f6 33. Rxe5 Qxg7 34. Re8+
Rxe8 35. Qxe8+ Kh7 36. Re2 f5 37. Kh2 Rf7 38. Qe6 Rf6 39. Qe7 Rf7 40. Qxd6 f4
41. Qe6 Qg3+ 42. Kg1 Kg7 43. h5 Rf6 44. Qd7+ Rf7 45. Re7 Qe1+ 46. Rxe1 Rxd7 47.
Re6 1-0

[Event "22nd Abu Dhabi Masters"]
[Site "Abu Dhabi UAE"]
[Date "2015.08.25"]
[Round "4.46"]
[White "Ahmed,Fareed"]
[Black "Heydarli,K"]
[Result "0-1"]
[BlackTitle "IM"]
[WhiteElo "2119"]
[BlackElo "2256"]
[WhiteFideId "9303677"]
[BlackFideId "13404423"]
[EventDate "2015.08.23"]

1. e4 c5 2. Nf3 e6 3. d4 cxd4 4. Nxd4 a6 5. Nc3 Qc7 6. Be2 b5 7. Bf3 Bb7 8. O-O
d6 9. Re1 Be7 10. a4 bxa4 11. Rxa4 Nd7 12. Be3 Ngf6 13. Nb3 Ne5 14. Be2 O-O 15.
f4 Nc6 16. Qa1 Nd7 17. Bxa6 Bxa6 18. Rxa6 Rxa6 19. Qxa6 Nb4 20. Qe2 Bf6 21. Nd4
Bxd4 22. Bxd4 Rb8 23. Rc1 Nc6 24. Qf2 Nxd4 25. Qxd4 Rxb2 26. Rd1 h6 27. Nd5 Qxc2
28. Ne3 Qf2+ 29. Kh1 Re2 30. Qxd6 0-1

[Event "22nd Abu Dhabi Masters"]
[Site "Abu Dhabi UAE"]
[Date "2015.08.25"]
[Round "4.47"]
[White "Antonio,V"]
[Black "Godbole,A"]
[Result "1-0"]
[WhiteElo "2255"]
[BlackElo "2061"]
[WhiteFideId "5027330"]
[BlackFideId "5059550"]
[EventDate "2015.08.23"]

1. e4 e5 2. Nf3 Nc6 3. Bc4 Nf6 4. d3 Bc5 5. O-O d6 6. c3 a6 7. Bb3 Ba7 8. Nbd2
O-O 9. Nc4 Be6 10. Bg5 Bxc4 11. Bxc4 h6 12. Bh4 Na5 13. Bb3 Nxb3 14. Qxb3 Rb8
15. Rfe1 Qe7 16. d4 Rfe8 17. dxe5 dxe5 18. Rad1 b5 19. Rd5 g5 20. Rxe5 Qd7 21.
Bg3 g4 22. Rxe8+ Rxe8 23. Ne5 Qe6 24. Qxe6 Rxe6 25. Kf1 Kg7 26. f3 h5 27. Nd3
Re7 28. Nf4 gxf3 29. gxf3 c6 30. e5 Nd5 31. Nxh5+ Kh6 32. Nf6 Nxf6 33. exf6
Rxe1+ 34. Bxe1 Kg5 35. Bf2 Bb8 36. Bg3 Ba7 37. Be5 Kf5 38. Bd4 c5 39. Bg1 Kxf6
40. b4 Bb8 41. bxc5 Kf5 42. Kg2 a5 43. h4 a4 44. c6 Ke6 45. Bh2 Ba7 46. h5 Be3
47. c7 Kd7 48. Be5 Bd2 49. Kg3 1-0

[Event "22nd Abu Dhabi Masters"]
[Site "Abu Dhabi UAE"]
[Date "2015.08.25"]
[Round "4.48"]
[White "Baltazar,D"]
[Black "Zozek,S"]
[Result "0-1"]
[BlackTitle "FM"]
[WhiteElo "2071"]
[BlackElo "2225"]
[WhiteFideId "5202426"]
[BlackFideId "4803361"]
[EventDate "2015.08.23"]

1. d4 d5 2. Nf3 Nf6 3. c4 c6 4. cxd5 cxd5 5. Nc3 Nc6 6. h3 a6 7. Bf4 Bf5 8. Qb3
Na5 9. Qd1 e6 10. e3 Bd6 11. Ne5 O-O 12. Be2 Rc8 13. O-O b5 14. Rc1 Bxe5 15.
Bxe5 Nc4 16. Bxc4 bxc4 17. f3 Bd3 18. Rf2 Nd7 19. Bd6 Re8 20. Qd2 Qb6 21. Ba3 f5
22. g3 Qc6 23. Rg2 e5 24. Kh2 Re6 25. Nd1 f4 26. gxf4 exf4 27. exf4 Bf1 28. Rf2
Bxh3 29. Kxh3 Rh6+ 30. Kg2 Qg6+ 31. Kf1 Rh1+ 32. Ke2 Re8+ 33. Ne3 Rxc1 34. Qxc1
Qd3+ 35. Ke1 Rxe3+ 36. Qxe3 Qxe3+ 37. Re2 Qg1+ 38. Kd2 Qxd4+ 39. Ke1 Nf6 40. Rg2
Nd7 0-1

[Event "22nd Abu Dhabi Masters"]
[Site "Abu Dhabi UAE"]
[Date "2015.08.25"]
[Round "4.49"]
[White "Swathi,G"]
[Black "Anand,N"]
[Result "1/2-1/2"]
[WhiteTitle "WGM"]
[BlackTitle "FM"]
[WhiteElo "2214"]
[BlackElo "2025"]
[WhiteFideId "5003474"]
[BlackFideId "25009141"]
[EventDate "2015.08.23"]

1. e4 c6 2. Nf3 d5 3. Nc3 Bg4 4. h3 Bxf3 5. Qxf3 e6 6. a3 Nf6 7. d3 Qb6 8. g3
Nbd7 9. Bg2 Bd6 10. O-O O-O 11. Nd1 d4 12. Qe2 e5 13. f4 c5 14. b3 Ne8 15. Nb2
Qc7 16. f5 Be7 17. h4 Qd8 18. Bh3 b5 19. a4 a6 20. Qf2 Nd6 21. axb5 axb5 22.
Rxa8 Qxa8 23. g4 c4 24. g5 f6 25. Qe2 Rc8 26. bxc4 bxc4 27. Nxc4 Nxc4 28. dxc4
Qa2 29. Rf2 Qxc4 30. Qxc4+ Rxc4 31. Bf1 Rc3 1/2-1/2

[Event "22nd Abu Dhabi Masters"]
[Site "Abu Dhabi UAE"]
[Date "2015.08.26"]
[Round "5.1"]
[White "Grandelius,N"]
[Black "Jobava,Ba"]
[Result "1/2-1/2"]
[WhiteTitle "GM"]
[BlackTitle "GM"]
[WhiteElo "2628"]
[BlackElo "2664"]
[WhiteFideId "1710400"]
[BlackFideId "13601520"]
[EventDate "2015.08.23"]

1. e4 c5 2. Nf3 Nc6 3. d4 cxd4 4. Nxd4 e5 5. Nb5 d6 6. c4 g6 7. Be2 Be6 8. O-O
a6 9. N5c3 Bg7 10. Nd5 Bxd5 11. cxd5 Nd4 12. Be3 Nf6 13. Nd2 O-O 14. Bd3 Nd7 15.
Nb3 Qb6 16. Rc1 Rfc8 17. Rc3 Qd8 18. Bb1 Rxc3 19. bxc3 Nb5 20. c4 Nd4 21. Nxd4
exd4 22. Bxd4 Bxd4 23. Qxd4 Rc8 24. f4 Qb6 25. Qxb6 Nxb6 26. Bd3 Nxc4 27. Rc1
Nb6 28. Rxc8+ Nxc8 29. Kf2 Nb6 30. Ke3 f6 31. Kd4 Nd7 32. a4 Kf8 33. a5 Ke7 34.
h4 h6 35. g3 Kd8 36. Be2 Kc7 37. Bg4 Nc5 38. Bd1 Nd7 39. Bg4 Nc5 40. Bd1 Nd7 1/2-1/2

[Event "22nd Abu Dhabi Masters"]
[Site "Abu Dhabi UAE"]
[Date "2015.08.26"]
[Round "5.2"]
[White "Kravtsiv,M"]
[Black "Kuzubov,Y"]
[Result "1-0"]
[WhiteTitle "GM"]
[BlackTitle "GM"]
[WhiteElo "2599"]
[BlackElo "2638"]
[WhiteFideId "14113147"]
[BlackFideId "14112906"]
[EventDate "2015.08.23"]

1. e4 c5 2. Nf3 d6 3. d4 cxd4 4. Nxd4 Nf6 5. Nc3 a6 6. Bg5 Nbd7 7. Qe2 e6 8. f4
Qc7 9. O-O-O b5 10. a3 Be7 11. g4 Rb8 12. Bg2 h6 13. Bh4 g5 14. fxg5 hxg5 15.
Bxg5 b4 16. axb4 Rxb4 17. Nb3 Nc5 18. Nxc5 Qxc5 19. h4 Rg8 20. e5 Nxg4 21. Bxe7
Kxe7 22. exd6+ Kd7 23. Rhe1 Qa5 24. Qf3 f5 25. Qc6+ Kd8 26. d7 Bb7 27. Qxe6 Qa1+
28. Kd2 Rd4+ 29. Ke2 Qxb2 1-0

[Event "22nd Abu Dhabi Masters"]
[Site "Abu Dhabi UAE"]
[Date "2015.08.26"]
[Round "5.3"]
[White "Salem,AR"]
[Black "Iturrizaga,E"]
[Result "1/2-1/2"]
[WhiteTitle "GM"]
[BlackTitle "GM"]
[WhiteElo "2595"]
[BlackElo "2625"]
[WhiteFideId "9301348"]
[BlackFideId "3901211"]
[EventDate "2015.08.23"]

1. d4 Nf6 2. c4 e6 3. Nf3 b6 4. g3 Bb7 5. Bg2 c5 6. d5 exd5 7. cxd5 Bxd5 8. Nc3
Bxf3 9. Bxf3 Nc6 10. Bf4 Be7 11. e3 O-O 12. g4 Ne8 13. h4 Nc7 14. g5 Rc8 15. Be4
d5 16. Bxc7 Qxc7 17. Qxd5 Rfd8 18. Qf5 g6 19. Qh3 Qd7 20. Qxd7 Rxd7 21. Ke2 Nb8
22. Nd5 Re8 23. Rad1 Kg7 24. f4 h6 25. Bc2 Rh8 26. f5 gxf5 27. Bxf5 Rb7 28. g6
fxg6 29. Rhg1 g5 30. Nxe7 Rxe7 31. Rd6 Rhe8 32. hxg5 Rxe3+ 33. Kd2 Re2+ 34. Kd1
hxg5 35. Rxg5+ Kf8 36. a3 Ke7 37. Rh6 Kd8 38. Bd3 R2e6 39. Rxe6 Rxe6 40. Bb5 Re7
41. Kc2 Kc7 42. Rg6 Nd7 43. Bxd7 Rxd7 44. a4 Kb7 45. Kc3 Rd4 46. Rg7+ Ka6 47. b3
Rh4 48. Rf7 Rh3+ 49. Kc4 Rh1 50. Kc3 1/2-1/2

[Event "22nd Abu Dhabi Masters"]
[Site "Abu Dhabi UAE"]
[Date "2015.08.26"]
[Round "5.5"]
[White "Rapport,R"]
[Black "Sandipan,C"]
[Result "1-0"]
[WhiteTitle "GM"]
[BlackTitle "GM"]
[WhiteElo "2671"]
[BlackElo "2585"]
[WhiteFideId "738590"]
[BlackFideId "5004225"]
[EventDate "2015.08.23"]

1. Nf3 e6 2. e4 d5 3. e5 c5 4. c3 Nc6 5. d4 Bd7 6. Be2 cxd4 7. cxd4 Nge7 8. Nc3
Nf5 9. O-O Rc8 10. a3 a6 11. Rb1 h6 12. Kh1 b5 13. Be3 Na5 14. Bd3 g6 15. Bc1
Nh4 16. Ne1 Nc4 17. Ne2 Nf5 18. Nc2 Na5 19. Bd2 Nc6 20. b4 Qh4 21. Be1 h5 22. f3
Qd8 23. g3 g5 24. g4 Ng7 25. Ng3 f5 26. Bd2 h4 27. Ne2 Be7 28. f4 fxg4 29. Bg6+
Kf8 30. fxg5+ Nf5 31. Nf4 Kg7 32. Qxg4 Nxe5 33. dxe5 Rxc2 34. Nxe6+ Bxe6 35.
Bxf5 Rxd2 36. Bxe6 Rf8 37. Qh5 1-0